000 01146nam a2200265 a 4500
001 86458
003 BD-RjUL
005 20260510124508.0
008 260510s2026 bg ||||| |||| 00| 0 ben d
020 _a9789842929410
035 _a(BD-RjUL)86458
040 _aBD-RjUL
_beng
_cBD-RjUL
041 _aben
082 _223
_a954.9205092
_bSOC 2026
100 _aসোবাহান, হীরা
_918430
245 _aচির ভাস্বর শহীদ জিয়া / প
_cহীরা সোবাহান
260 _aরাজশাহী :
_bপ্রকৃতি-প্রত্যয় প্রকাশন;
_c২০২৬
300 _aখণ্ড :
_bচিত্রসমূহ;
_c২৫ সেমি.
505 0 1 _aখণ্ড.১ম-- খণ্ড. ২য় --
600 _aরহমান, জিয়াউর,
_d ১৯৩৬-১৯৮১
_xজীবনী
_918428
600 _aRahaman, Ziaur,
_d1936-1981
_xBiography
_918429
650 _aবাংলাদেশ
_xইতিহাস
_yবিপ্লব, ১৯৭১
_918422
650 _a Bangladesh
_xHistory
_yRevolution, 1971
_918431
942 _2ddc
_cBK
999 _c86458
_d86458